000 00527nam a2200193Ia 4500
003 OSt
005 20191230150412.0
008 190216s9999||||xx |||||||||||||| ||und||
020 _a8187125144
040 _coclc
082 _a330.01
_bJHI/A
100 _aJhingan, M L
_9469
245 0 _aAdvanced Economic Theory /
_cM L Jhingan
250 _a10th ed.
260 _bVrinda Publications,
_c1998.
_aDelhi:
300 _a1028p
650 _aEconomics
942 _cBK
_2ddc
_h330.01
_iJHI/A
_k330.01
_mJHI/A
999 _c10008
_d10008